000
00314nam a2200133Ia 4500
005
20251222155149.0
008
251222s9999||||xx |||||||||||||| ||spa||
082
_a
SIC.44
100
_a
TRAHTEMBERG, León.
245
0
_a
Pedagogía para nuestros tiempos
250
_a
1ra. ed.
264
_b
Bruño
942
_c
LIB
999
_c
39496
_d
39496